000 00297nam a22001337a 4500
008 170406b xxu||||| |||| 00| 0 eng d
020 _a34229
041 _aeng
080 _26TH
_a616.15
100 _a9
101 _aSHM
245 _aLABORATORY MEDICINE HEMATOLOGY
_cMIALE, J.B
942 _2udc
_cBK
999 _c9920
_d9920